Music Quiz

Random Music or Song Quiz

JKT48: Haruka's Singles Participation Quiz Stats

Quiz not verified by Sporcle

Challenge
Share
Tweet
Embed
Score 0/46 Timer 06:00
0 Plays Today
# Titles % Correct
#12Flying Get
100%
#36Beginner
100%
#42Love Trip
100%
#01RIVER
100%
#06Fortune Cookie yang Mencinta (Koi Suru Fortune Cookie)
100%
#10BINGO!
100%
#18Gingham Check
100%
#33Halloween Night
100%
#03Jatuh Cinta setiap Bertemu Denganmu (Each Time I Meet You, I Fall in Love ; Kimi ni Autabi Koi wo Suru)
50%
#02Pembatas Buku Sakura (Cherry Blossom Bookmark ; Sakura no Shiori)
50%
#04Apakah Kau Melihat Mentari Senja? (Are you watching the Sunset? ; Yuuhi wo Miteiruka?)
50%
#05Cahaya Panjang (Long Light ; Nagai Hikari)
50%
#13Demi Seseorang (For Someone's Sake ; Dareka no Tame ni)
50%
#14Gadis Remaja (Girls ; Shoujotachi yo)
50%
#15Cinta Kotak-Kotak
50%
#16Aku akan Berjuang (I'll Try My Best ; Boku wa Ganbaru)
50%
#17Kelopak-Kelopak Bunga Sakura (The Sakura Petals ; Sakura no Hanabiratachi)
50%
#20Dialog dengan Kenari (A Dialogue with a Walnut ; Kurumi to Dialogue)
50%
#22Angin sedang Berhembus (Kaze wa Fuiteiru)
50%
#23Simpati Gravitasi (The Gravity of Sympathy ; Juuryoku Sympathy)
50%
#26Apel yang ada di Puncak (Unreachable Apple ; Takane no Ringo)
50%
#27Pareo is Your Emerald (Pareo wa Emerald)
50%
#29Dewi Theater (Goddess of the Theater ; Theater no Megami)
50%
# Titles % Correct
#30Refrain Full of Hope (Kibouteki Refrain)
50%
#31Malam Halloween
50%
#35Suka! Suka! Skip! (Love! Love! Skip! ; Suki! Suki! Skip!)
50%
#38Larilah! Penguin (Run! Penguin ; Hashire! Penguin)
50%
#39Always Looking Straight Ahead (Mae Shika Mukanee)
50%
#40Perjalanan Cinta
50%
#41Tetaplah Ada di Langit Biru (Being Next to the Blue Sky ; Aozora no Soba ni Ite)
50%
#07Kelinci Pertama (First Rabbit)
50%
#08Fortune Cookie in Love (Koi Suru Fortune Cookie)
50%
#09Musim Panas Sounds Good! (Manatsu no Sounds Good!)
50%
#11Summer Love Sounds Good! (Manatsu no Sounds Good!)
50%
#19Papan Penanda Isi Hati (Kokoro no Placard)
50%
#21Message on a Placard (Kokoro no Placard)
50%
#24The Wind is Blowing (Kaze wa Fuiteiru)
50%
#25Pareo adalah Emerald (Pareo wa Emerald)
50%
#28Refrain yang Penuh Harapan (Kibouteki Refrain)
50%
#32Ingin Meraih Puncak! (Aim for the Top! ; Teppen Tottande!)
50%
#34Pemula
50%
#37Hanya Lihat ke Depan (Mae Shika Mukanee)
50%
#43Luar Biasa (Saikou Ka Yo)
0%
#44Sungai Impian (River of Dreams ; Yume no Kawa)
0%
#45HA!
0%
#46Is this Amazing or What (Saikou Ka Yo)
0%

You're not logged in!

Compare scores with friends on all Sporcle quizzes.
Sign Up with Email
OR
Log In

You Might Also Like...

Show Comments

Extras

Top Quizzes Today


Score Distribution

Your Account Isn't Verified!

In order to create a playlist on Sporcle, you need to verify the email address you used during registration. Go to your Sporcle Settings to finish the process.